THE SOUL SOLUTION: ENLIGHTENING MEDITATIONS FOR RESOLVING LIFE'S PROBLEMS (Record no. 66949)

MARC details
000 -LEADER
fixed length control field 00465nam a2200169Ia 4500
003 - CONTROL NUMBER IDENTIFIER
control field OSt
005 - DATE AND TIME OF LATEST TRANSACTION
control field 20260217114750.0
020 ## - INTERNATIONAL STANDARD BOOK NUMBER
International Standard Book Number 978-1-932073-52-2
040 ## - CATALOGING SOURCE
Transcribing agency LC
050 ## - LIBRARY OF CONGRESS CALL NUMBER
Classification number BL 624.2 .P37 2011
100 ## - MAIN ENTRY--PERSONAL NAME
Personal name PARKER, JONATHAN
245 #4 - TITLE STATEMENT
Title THE SOUL SOLUTION: ENLIGHTENING MEDITATIONS FOR RESOLVING LIFE'S PROBLEMS
260 ## - PUBLICATION, DISTRIBUTION, ETC.
Place of publication, distribution, etc. NOVATO, CALIFORNIA,
Name of publisher, distributor, etc. NEW WORLD LIBRARY,
Date of publication, distribution, etc. 2011,
300 ## - PHYSICAL DESCRIPTION
Extent XVii, 215 P, ILL
650 ## - SUBJECT ADDED ENTRY--TOPICAL TERM
Topical term or geographic name entry element Meditations, Soul
942 ## - ADDED ENTRY ELEMENTS (KOHA)
Koha item type Long Loan Book
Source of classification or shelving scheme Library of Congress Classification
Holdings
Withdrawn status Lost status Source of classification or shelving scheme Damaged status Not for loan Collection Home library Current library Shelving location Date acquired Inventory number Total checkouts Full call number Barcode Date last seen Copy number Price effective from Koha item type
    Library of Congress Classification     Arts & Social Sciences Kisii University Library Kisii University Library On Display 09/15/2023 093416   BL 624.2 .P 37 2011 000000003190 09/15/2023 1 09/15/2023 Long Loan Book
    Library of Congress Classification     Arts & Social Sciences Kisii University Library Kisii University Library On Display 09/15/2023     BL 624.2 .P 37 2011 40766 09/15/2023   09/15/2023 Long Loan Book